[Event "ch-TUR"]
[Site "Ankara TUR"]
[Date "2002.07.29"]
[Round "10"]
[White "Guner,B"]
[Black "Ulucan,T"]
[Result "1-0"]
[WhiteElo "2142"]
[BlackElo "2076"]

1.Nf3 d5 2.c4 c6 3.e3 Nf6 4.Nc3 e6 5.d4 Nbd7 6.Bd3 dxc4 7.Bxc4 b5 8.Bd3 b4
9.Na4 c5 10.dxc5 Nxc5 11.Nxc5 Bxc5 12.O-O O-O 13.Qe2 Bb7 14.e4 h6 15.Bf4 Qb6
16.a4 Nh5 17.Be5 f6 18.a5 Qd8 19.Bg3 Nxg3 20.hxg3 Rc8 21.Bc4 Qe8 22.Rac1 Qf7
23.Rfd1 Rfe8 24.a6 Ba8 25.Nd4 Kh8 26.Qg4 Bxd4 27.Rxd4 Bd5 28.b3 Bxc4 29.Rdxc4 Qd7
30.Qe2 Qb5 31.Qc2 Rcd8 32.Rc6 Rd4 33.Rc8 Kh7 34.Rxe8 Qxe8 35.f3 Qb5 36.Rd1 Rxd1+
37.Qxd1 Qxa6 38.Kh2 Qc6 39.Qa1 Qc3 40.Qa4 a5 41.Kg1 Qe3+ 42.Kh2 Qc1 43.Qd7 Qc5
44.Qxe6 Qe5 45.Qc6 h5 46.f4 Qd4 47.Qe8 Qd1 48.Qf7 Qg4 49.Qd5 h4 50.gxh4 Qxh4+
51.Kg1 Qh6 52.f5  1-0

[Event "6th Open"]
[Site "Korinthos GRE"]
[Date "2002.07.29"]
[Round "7"]
[White "Banikas,H"]
[Black "Managadze,N"]
[Result "1-0"]
[WhiteElo "2521"]
[BlackElo "2428"]

1.d4 e6 2.c4 d5 3.Nc3 c6 4.e3 Nf6 5.Nf3 Nbd7 6.Qc2 Bd6 7.Bd3 O-O 8.O-O Qe7
9.e4 dxc4 10.Bxc4 e5 11.h3 exd4 12.Nxd4 Qe5 13.Nf3 Qc5 14.Bb3 Ne5 15.Nh4 Ng6
16.Nxg6 hxg6 17.Be3 Qa5 18.Rad1 Bc7 19.f4 Bb6 20.Bxb6 Qxb6+ 21.Kh2 Ne8 22.e5 Bf5
23.Qf2 Qxf2 24.Rxf2 Nc7 25.Rfd2 Be6 26.g4 Bxb3 27.axb3 Nd5 28.Nxd5 cxd5 29.Rxd5 Rac8
30.R1d2 Rc6 31.Kg3 Re8 32.Rb5 Rc7 33.Kf3 a6 34.Rb6 g5 35.Rd5 gxf4 36.Kxf4 Ree7
37.Rd8+ Kh7 38.Rb8 Rc1 39.R8xb7 Rf1+ 40.Ke4 Re1+ 41.Kd4 R7xe5 42.Rxa6 R1e4+
43.Kc3 Re3+ 44.Kb4 Rxh3 45.Raa7 Re4+ 46.Ka3 Rxg4 47.Rxf7 Kh6 48.Rf8 Re3 49.Rh8+ Kg6
50.Rc7 Rg2 51.Rh1 Kf6 52.Rf1+ Ke6 53.Rc3 Ree2 54.Rb1 Re4 55.Rc4 Re3 56.Ka2 Ree2
57.b4 Rc2 58.Rd4 Rgd2 59.Re1+ Kf5 60.Rxd2 Rxd2 61.Ka3 g5 62.b5 g4 63.b3 g3
64.Kb4 Rd4+ 65.Kc5 Re4 66.Rd1 Re5+ 67.Kb4 g2 68.b6 Kf4 69.b7 Re8 70.Ka5 Kf3
71.Ka6 Kf2 72.b4 Re1 73.b8=Q Rxd1 74.Qf4+ Kg1 75.b5 Ra1+ 76.Kb7 Rf1 77.Qd4+ Kh1
78.Qh4+ Kg1 79.b6 Rf8 80.Kc6 Kf1 81.Qc4+ Ke1 82.Qb4+ Ke2 83.Qe7+ Kd1 84.Qg7 Rf6+
85.Qxf6  1-0

[Event "ch-GBR"]
[Site "Torquay ENG"]
[Date "2002.07.29"]
[Round "1"]
[White "Koneru,H"]
[Black "Muir,A"]
[Result "1/2-1/2"]
[WhiteElo "2473"]
[BlackElo "2294"]

1.d4 d5 2.Nf3 Nf6 3.c4 e6 4.Nc3 c6 5.e3 Nbd7 6.Bd3 dxc4 7.Bxc4 b5 8.Bd3 Bb7
9.O-O a6 10.e4 c5 11.d5 c4 12.Bc2 Qc7 13.dxe6 fxe6 14.Ng5 Nc5 15.Qf3 O-O-O
16.Qh3 Kb8 17.Be3 Bc8 18.Rfd1 Rxd1+ 19.Rxd1 e5 20.Qg3 h6 21.Nf3 Bd6 22.a3 g5
23.Nd2 Bb7 24.Qf3 Rf8 25.Qe2 Ne6 26.Nf1 Bc5 27.Bxc5 Qxc5 28.Ne3 Nd4 29.Qd2 Rd8
30.Qe1 Rd6 31.Bb1 Qc7 32.Nf5 Nxf5 33.exf5 Rxd1 34.Nxd1 Qd6 35.Ne3 Qd4 36.Qe2 Nd5
37.Nxd5 Qxd5 38.f3 Qd4+ 39.Kf1 Bd5 40.Be4 Bf7 41.Qc2 Kc7 42.Qc3 Kb6 43.Ke2 a5
44.g4 Qg1 45.Qxe5 Qg2+ 46.Ke3 Qg1+ 47.Kd2 Qf2+ 48.Kd1 Qf1+ 49.Kd2 Qf2+ 50.Kd1 Qf1+
51.Kd2  1/2-1/2

[Event "ch-GBR"]
[Site "Torquay ENG"]
[Date "2002.07.29"]
[Round "1"]
[White "Knott,S"]
[Black "Barua,D"]
[Result "1/2-1/2"]
[WhiteElo "2367"]
[BlackElo "2542"]

1.Nf3 d5 2.d4 c6 3.c4 e6 4.e3 Nf6 5.Nc3 Nbd7 6.Bd3 Bd6 7.e4 dxe4 8.Nxe4 Nxe4
9.Bxe4 h6 10.O-O O-O 11.Bc2 c5 12.Qd3 f5 13.dxc5 Nxc5 14.Qd4 Be7 15.Be3 Qxd4
16.Bxd4 b6 17.Ne5 Bf6 18.Rad1 Ba6 19.b3 Rfd8 20.Rfe1 Bb7 21.f3 a5 22.Kf1 Rac8
23.Bb2 Ba6 24.Rxd8+ Rxd8 25.Rd1 Rd5 26.f4 a4 27.Ke1 Rxd1+ 28.Kxd1 axb3 29.axb3 Bb7
30.g3 g5 31.b4 Na6 32.Bc3 gxf4 33.gxf4 Be7 34.b5 Nc5 35.Bd4 Bd6 36.Ke2 Bh1
37.Ke3 Bg2 38.Bd1 Bf1 39.Be2 Bg2 40.Bf3 Bf1 41.Be2 Bg2 42.Nf3  1/2-1/2

[Event "Lost Boys Open"]
[Site "Amsterdam NED"]
[Date "2002.07.30"]
[Round "5"]
[White "Prakken,G"]
[Black "Stellwagen,D"]
[Result "0-1"]
[WhiteElo "2290"]
[BlackElo "2464"]

1.d4 d5 2.c4 c6 3.Nc3 Nf6 4.e3 e6 5.Nf3 Nbd7 6.Bd3 dxc4 7.Bxc4 b5 8.Be2 Bb7
9.O-O a6 10.e4 c5 11.e5 Nd5 12.a4 b4 13.Ne4 h6 14.Nfd2 Be7 15.Nc4 O-O 16.Ncd6 Bxd6
17.Nxd6 Bc6 18.Re1 Qh4 19.Bd3 f5 20.exf6 N5xf6 21.g3 Qxd4 22.Bf4 Nd5 23.Re4 Qxb2
24.Rb1 Qf6 25.Qe1 Nxf4 26.Rxf4 Qe5  0-1

[Event "7th Open"]
[Site "Creon FRA"]
[Date "2002.07.30"]
[Round "4"]
[White "Grooten,H"]
[Black "Dumitrache,D"]
[Result "0-1"]
[WhiteElo "2375"]
[BlackElo "2504"]

1.d4 d5 2.c4 c6 3.Nc3 Nf6 4.Nf3 e6 5.e3 Nbd7 6.Bd3 Bd6 7.O-O O-O 8.b3 Qe7
9.Bc2 b6 10.Qd3 Bb7 11.e4 dxe4 12.Nxe4 Nxe4 13.Qxe4 f5 14.Qe2 c5 15.Bb2 Bxf3
16.Qxf3 cxd4 17.Rad1 Ne5 18.Qe2 Nc6 19.Qf3 Qc7 20.Bxd4 Bxh2+ 21.Kh1 Nxd4
22.Rxd4 Be5 23.Rh4 Bf6 24.Rh3 g6 25.g4 Rad8 26.Rg1 Rd2 27.Bd3 Rd8 28.Bb1 f4
29.g5 Bd4 30.Rh2 Bc5 31.Re1 Qf7 32.a4 Qd7 33.Rg2 Qd4 34.Qg4 Rd6 35.Re4 Rd1+
36.Rg1 Qxf2 37.Rxd1 Rxd1+ 38.Qxd1 Qh4+ 39.Kg2 Qg3+  0-1

[Event "2nd Summer Open"]
[Site "Savaria HUN"]
[Date "2002.07.30"]
[Round "7"]
[White "Marodi,M"]
[Black "Varga,T"]
[Result "0-1"]
[WhiteElo "2051"]
[BlackElo "2034"]

1.d4 d5 2.c4 c6 3.Nf3 Nf6 4.Nc3 e6 5.e3 Bd6 6.Bd3 Nbd7 7.O-O O-O 8.Qe2 dxc4
9.Bxc4 e5 10.Rd1 e4 11.Ng5 Qe7 12.Qc2 Nb6 13.Bb3 Bxh2+ 14.Kxh2 Ng4+ 15.Kg1 Qxg5
16.Qxe4 Bf5 17.Qf3 Qh5 18.e4 Be6 19.Bf4 Bxb3 20.axb3 f5 21.Bd6 fxe4 22.Qh3 Qxh3
23.gxh3 Nxf2 24.Bxf8 Nxd1 25.Nxd1 Kxf8 26.Nc3 e3 27.Kf1 a6 28.Ke2 Re8 29.Rf1+ Kg8
30.Na4 Nd5 31.Nc5 b6 32.Nd3 Re4 33.Rc1 Re6 34.b4 Rh6 35.Rh1 Kf7 36.Ne5+ Ke8
37.Nc4 b5 38.Ne5 Rf6 39.Ng4 Re6 40.Ne5 Rf6 41.Ng4 Rf4 42.Rd1 h5 43.Nxe3 Re4
44.Rd3 g5 45.Kf3 Rxe3+  0-1

[Event "ch-GBR"]
[Site "Torquay ENG"]
[Date "2002.07.30"]
[Round "2"]
[White "Sasikiran,K"]
[Black "Sandipan,C"]
[Result "1-0"]
[WhiteElo "2650"]
[BlackElo "2507"]

1.Nf3 d5 2.d4 Nf6 3.c4 e6 4.Nc3 c6 5.e3 Nbd7 6.Qc2 Bd6 7.b3 h6 8.Be2 b6 9.O-O O-O
10.Bb2 Bb7 11.e4 dxe4 12.Nxe4 Nxe4 13.Qxe4 Re8 14.Rad1 Qc7 15.Bd3 f5 16.Qh4 Be7
17.Qh5 Bf6 18.Ba3 b5 19.Rfe1 Qa5 20.Bd6 b4 21.c5 Qxa2 22.Bc4 Ba6 23.Ra1 Qxa1
24.Rxa1 Bxc4 25.bxc4 a5 26.g3 b3 27.Ra3 a4 28.Rxa4 Reb8 29.Bxb8 Rxa4 30.Qe8+ Nf8
31.Bd6 b2 32.Nd2 Ra1+ 33.Kg2 Rd1 34.Qxf8+ Kh7 35.Be5 Bxe5 36.dxe5 Rxd2 37.Qb8 g5
38.Qb3 f4 39.gxf4 gxf4 40.Kf3 Kg6 41.Qb8 Kg7 42.h4 h5 43.Qb3 Kg6 44.Qa2 Kf5
45.Qb1+ Kxe5 46.Qe4+ Kf6 47.Qxf4+ Ke7 48.Qg5+ Ke8 49.Qxh5+ Kd8 50.Qh8+ Kc7
51.Qh7+ Kb8  1-0

[Event "ch-BEL"]
[Site "Geel BEL"]
[Date "2002.07.31"]
[Round "5"]
[White "Vanderstricht,G"]
[Black "Marechal,A"]
[Result "1-0"]
[WhiteElo "2404"]
[BlackElo "2288"]

1.d4 Nf6 2.Nf3 d5 3.c4 c6 4.e3 e6 5.Nc3 Nbd7 6.Bd3 dxc4 7.Bxc4 b5 8.Bd3 b4
9.Ne4 Be7 10.Nxf6+ Nxf6 11.O-O O-O 12.e4 Bb7 13.e5 Nd7 14.Be4 Rb8 15.a3 bxa3
16.b4 a5 17.bxa5 Qxa5 18.Bxa3 Bxa3 19.Bxh7+ Kxh7 20.Ng5+ Kg6 21.Qd3+ f5 22.Rxa3 Qd5
23.Qg3 f4 24.Qh4 Nf6 25.Nh3 Ne4 26.Nxf4+ Rxf4 27.Qxf4 Qxd4 28.Qg4+ Kf7 29.Rf3+ Ke8
30.Qxg7  1-0

[Event "ch-GBR"]
[Site "Torquay ENG"]
[Date "2002.07.31"]
[Round "3"]
[White "Knott,S"]
[Black "Flear,G"]
[Result "1/2-1/2"]
[WhiteElo "2367"]
[BlackElo "2538"]

1.c4 e6 2.Nc3 d5 3.d4 c6 4.e3 Nf6 5.Nf3 Nbd7 6.Bd3 dxc4 7.Bxc4 b5 8.Bd3 Bd6
9.O-O O-O 10.e4 e5 11.Bg5 h6 12.Bxf6 Qxf6 13.d5 b4 14.dxc6 bxc3 15.cxd7 Bxd7  1/2-1/2

[Event "Lost Boys Open"]
[Site "Amsterdam NED"]
[Date "2002.08.01"]
[Round "7"]
[White "Sokolov,I"]
[Black "Stellwagen,D"]
[Result "1-0"]
[WhiteElo "2677"]
[BlackElo "2464"]

1.d4 d5 2.c4 c6 3.Nc3 Nf6 4.e3 e6 5.Nf3 Nbd7 6.Bd3 dxc4 7.Bxc4 b5 8.Bd3 Bb7
9.e4 b4 10.Na4 c5 11.e5 Nd5 12.O-O cxd4 13.Re1 g6 14.Bg5 Qa5 15.Nxd4 a6 16.a3 Bg7
17.axb4 Qxb4 18.Re4 Qa5 19.Nb3 Qc7 20.Rc1 Qb8 21.Nac5 Bc8 22.Bc4 O-O 23.Bxd5 exd5
24.Qxd5 Nxc5 25.Nxc5 Bf5 26.Re2 Qb5 27.Qc4 Qxc4 28.Rxc4 Rfe8 29.g4 Be6 30.Rd4 Rac8
31.b4 Bf8 32.Ne4 Rc4 33.Rxc4 Bxc4 34.Rc2 Rc8 35.Nf6+ Kg7 36.Nd7 Rc6 37.Bf6+ Kg8
38.e6 Bb5 39.Rxc6 Bxc6 40.Ne5 Be8 41.e7 Bg7 42.g5  1-0

[Event "ch-GBR"]
[Site "Torquay ENG"]
[Date "2002.08.01"]
[Round "4"]
[White "Flear,G"]
[Black "Muir,A"]
[Result "1/2-1/2"]
[WhiteElo "2538"]
[BlackElo "2294"]

1.d4 d5 2.c4 e6 3.Nc3 c6 4.e3 Nf6 5.Nf3 Nbd7 6.Bd3 dxc4 7.Bxc4 b5 8.Bd3 Bb7
9.O-O a6 10.e4 c5 11.d5 c4 12.Bc2 Qc7 13.dxe6 fxe6 14.Nd4 Nc5 15.Be3 e5 16.Nf3 Rd8
17.Qe2 Be7 18.a4 Ncxe4 19.Nxe4 Nxe4 20.axb5 axb5 21.Ra7 Nf6 22.b3 O-O 23.bxc4 bxc4
24.Rb1 Rb8 25.Nd2 Kh8 26.Qxc4 Qxc4 27.Nxc4 Be4 28.Bxe4 Nxe4 29.Rc1 Bf6 30.f3 Ng5
31.Nb6 Rfd8 32.Nd7 Rbc8 33.Rxc8 Rxc8 34.Nxf6 gxf6 35.h4 Ne6 36.Bh6 Kg8 37.Re7 Nd4
38.Rg7+ Kh8 39.Rf7 Nf5 40.Rxf6 Nxh6 41.Rxh6 e4 42.f4 Rf8 43.Kh2 Re8 44.Ra6 h5
45.Kg1 Kg7 46.Kf2 Rb8 47.Ra5 Rb2+ 48.Ke3 Kh6 49.Rg5 Rb4 50.g3 Ra4 51.f5 Ra3+
52.Kxe4 Ra4+ 53.Kd5 Ra5+ 54.Kc4 Ra4+ 55.Kb5 Ra1 56.Rg6+ Kh7 57.Kc4 Rd1 58.Kc5 Rd3
59.Kc6 Rd1 60.Rd6 Rf1 61.Rf6 Rf3 62.Kd5 Rxg3 63.Rf7+ Kg8 64.Re7 Rg4 65.Re4 Kf7
66.Ke5 Rg1 67.Ra4 Re1+ 68.Re4 Rf1 69.Rb4 Re1+ 70.Kf4 Rg1 71.Rd4 Kf6 72.Rd6+ Kf7
73.Ke5 Re1+ 74.Kf4 Rg1 75.Rh6 Rg4+ 76.Ke5 Rxh4 77.Rh7+ Kg8 78.Ra7 Rb4 79.Kf6 Rb6+
80.Kg5 Kf8 81.Kxh5 Rc6 82.Kg5 Rb6 83.f6 Rb1 84.Kg6  1/2-1/2

[Event "7th Open"]
[Site "Creon FRA"]
[Date "2002.08.02"]
[Round "7"]
[White "Epishin,V"]
[Black "Crut,A"]
[Result "1-0"]
[WhiteElo "2643"]
[BlackElo "2333"]

1.d4 d5 2.c4 c6 3.Nc3 Nf6 4.e3 e6 5.Nf3 Nbd7 6.Be2 b6 7.O-O Bb7 8.b3 Be7
9.a4 O-O 10.a5 bxa5 11.c5 e5 12.Qc2 e4 13.Nd2 Ne8 14.Qa2 f5 15.Qxa5 Nc7 16.b4 a6
17.Nb3 g5 18.Bd2 Qc8 19.f3 exf3 20.Rxf3 Nf6 21.Raf1 Ne4 22.Nxe4 dxe4 23.Rxf5 Rxf5
24.Rxf5 Qxf5 25.Qxc7 Qf7 26.Na5 Kh8 27.Bc4 Qf6 28.Nxb7  1-0

[Event "Open A"]
[Site "Trier GER"]
[Date "2002.08.02"]
[Round "7"]
[White "Rat,D"]
[Black "Boidman,Y"]
[Result "1-0"]
[WhiteElo "2345"]
[BlackElo "2419"]

1.d4 d5 2.c4 c6 3.Nf3 Nf6 4.Nc3 e6 5.e3 Nbd7 6.Bd3 dxc4 7.Bxc4 b5 8.Bd3 a6
9.e4 c5 10.d5 c4 11.dxe6 cxd3 12.exd7+ Qxd7 13.O-O Bb7 14.Re1 Be7 15.e5 Nd5
16.Ne4 O-O 17.Qxd3 Qg4 18.Nfg5 Rad8 19.a3 Bxg5 20.Bxg5 Nf4 21.Qg3 Ne2+ 22.Rxe2 Qxe2
23.Bxd8 Bxe4 24.Ba5 Qxb2 25.Bc3 Qb3 26.e6 Bg6 27.Bb4 Qxg3 28.hxg3 Re8 29.e7 a5
30.Bc5 f6 31.Rd1 Kf7 32.Rd8 h5 33.Kf1 Bc2 34.Ke2 Bb3 35.Kf3 Bc4 36.g4 h4
37.g5 fxg5 38.Kg4 Bf1 39.Kxg5 Bxg2 40.Kxh4 Bf1 41.Kg5 Bc4 42.Kf5 Be6+ 43.Ke5 Bc4
44.Rd4 Kg8 45.Rd8 Kf7 46.Bd6 Be2 47.Kd5 b4 48.axb4 axb4 49.Bxb4 Bb5 50.Ke5 Ba4
51.Ba3 Bb5 52.Rd4 Ra8 53.Rf4+ Kg6 54.Bc5 Rc8 55.Kd5 Re8 56.Rf8 Ba4 57.Ke5 Bb5
58.Kd6 Kh7 59.Bd4 g5 60.Rf5  1-0

[Event "Valoz Cup"]
[Site "Olomouc CZE"]
[Date "2002.08.05"]
[Round "6"]
[White "Hedman,E"]
[Black "Galicek,S"]
[Result "1/2-1/2"]
[WhiteElo "2340"]
[BlackElo "2163"]

1.d4 d5 2.c4 c6 3.Nc3 Nf6 4.e3 e6 5.Nf3 Nbd7 6.Bd3 dxc4 7.Bxc4 b5 8.Be2 Bb7
9.O-O Be7 10.e4 b4 11.e5 bxc3 12.exf6 Nxf6 13.bxc3 O-O 14.Rb1 Qc8 15.Qb3 Ba6
16.Bxa6 Qxa6 17.Bg5 h6 18.Bh4 Rab8 19.Qc2 Nd5 20.Bxe7 Nxe7 21.Ne5 Nd5 22.Rb3 Rbd8
23.Qb2 c5 24.dxc5 Nf4 25.Rb1 Qa4 26.g3  1/2-1/2

[Event "FSFM August"]
[Site "Budapest HUN"]
[Date "2002.08.07"]
[Round "5"]
[White "Kretov,E"]
[Black "Koczo,K"]
[Result "1-0"]
[WhiteElo "2125"]
[BlackElo "2024"]

1.d4 d5 2.c4 c6 3.e3 Nf6 4.Nc3 e6 5.Nf3 Nbd7 6.Bd3 dxc4 7.Bxc4 b5 8.Be2 a6
9.e4 b4 10.e5 bxc3 11.exf6 cxb2 12.fxg7 Bxg7 13.Bxb2 Qa5+ 14.Nd2 c5 15.O-O cxd4
16.Nb3 Qg5 17.Bf3 Rb8 18.Bxd4 Bb7 19.Bxb7 Rxb7 20.Bxg7 Qxg7 21.Qd6 Rb6 22.Qc7 Qe5
23.Qc8+ Ke7 24.Qc4 Rg8 25.g3 Rb5 26.Nd4 Qc5 27.Qd3 Rb4 28.Rad1 Nf6 29.Rfe1 Rgb8
30.Qa3 R8b6 31.Re2 Rc4 32.Nf5+ Kf8 33.Rd8+ Ne8 34.Qd3 Rc3 35.Qd2 Rb1+ 36.Kg2 Qxf5
37.Qxc3 Ke7 38.Red2 Qe4+ 39.f3 Qb7 40.R2d7+ Qxd7 41.Rxd7+ Kxd7 42.Qd3+  1-0

[Event "It"]
[Site "Sudak UKR"]
[Date "2002.08.07"]
[Round "7"]
[White "Savon,V"]
[Black "Firman,N"]
[Result "0-1"]
[WhiteElo "2421"]
[BlackElo "2494"]

1.d4 Nf6 2.c4 e6 3.Nf3 d5 4.Nc3 c6 5.e3 Nbd7 6.Be2 dxc4 7.a4 Bd6 8.Nd2 O-O
9.Nxc4 Bc7 10.b3 Nd5 11.Bb2 Rb8 12.O-O b5 13.axb5 Nxc3 14.Bxc3 cxb5 15.Na5 b4
16.Nc6 Bxh2+ 17.Kxh2 Qc7+ 18.Kg1 Qxc6 19.Bb2 Bb7 20.Bf3 Qb6 21.d5 e5 22.e4 Rfe8
23.Re1 a5 24.Bc1 Qd8 25.Be2 Bc8 26.Be3 f5 27.exf5 Nf6 28.Qc2 Bd7 29.d6 Rc8
30.Bc4+ Kh8 31.Red1 Ng4 32.g3 Nxe3 33.fxe3 Qg5 34.Qf2 Rf8 35.e4 a4 36.Rd3 Rf6
37.Qd2 Qg4 38.Be6 Qxe4 39.Re1 Qb7 40.Bxd7 Qxd7 41.bxa4 Rxf5 42.Qxb4 Rcf8
43.Qd2 Qf7 44.Qe3 Rf1+ 45.Kh2 Qh5+ 46.Kg2 Qh1+  0-1

[Event "ch-GBR"]
[Site "Torquay ENG"]
[Date "2002.08.07"]
[Round "9"]
[White "D'Costa,L"]
[Black "Flear,G"]
[Result "1/2-1/2"]
[WhiteElo "2254"]
[BlackElo "2538"]

1.c4 e6 2.d4 d5 3.Nc3 c6 4.e3 Nf6 5.Nf3 Nbd7 6.Qc2 Bd6 7.b3 O-O 8.Be2 Re8
9.O-O dxc4 10.Bxc4 b5 11.Be2 Bb7 12.Rd1 Qc7 13.Bb2 Rac8 14.Rac1 Qb8 15.Ne4 Nxe4
16.Qxe4 c5 17.Qh4 Be7 18.Qh3 Nf8 19.dxc5 Bxf3 20.Qxf3 Bxc5 21.Qh5 Qb6 22.b4 Be7
23.Bd4 Qb8 24.Qxb5 Rxc1 25.Rxc1 Bxb4 26.Qxb8 Rxb8 27.Bxa7 Ra8 28.Rc7 Bd6
29.Rb7 Rc8 30.Rb2 Be5 31.Rd2 Rc1+ 32.Bd1 g5 33.Kf1 Ng6 34.Ke2 Ne7 35.Bd4 Bxd4
36.Rxd4 Nc6 37.Rd2 Rb1 38.h3 Ne5 39.f4 gxf4 40.exf4 Nc4 41.Rc2 Nb6 42.g3 Kg7
43.Rc6 Rb2+ 44.Kf3 Nd5 45.Rc2 Rb1 46.Be2 Nb4 47.Rd2 Rc1 48.Bb5 Rc3+ 49.Kf2 Nd5
50.a4 Ra3 51.Rd3 Ra2+ 52.Kf3 Kf6 53.Rb3 Nb6 54.Be8 Nc4 55.Kg4 Nd6 56.Bb5 Ne4
57.Kh4 Kg7 58.Bc6 Nc5 59.Rb4 Ra3 60.Rc4 Nd3 61.Rd4 e5 62.fxe5 Nxe5 63.Bb7 Kh6
64.Re4 f6 65.Bc8 Kg6 66.Bg4 Kh6 67.Bf5 Ng6+ 68.Kg4 Ne5+ 69.Kh4 Nf3+ 70.Kg4 Nh2+
71.Kh4 Nf3+ 72.Kg4 Nh2+  1/2-1/2

[Event "FSIMB August"]
[Site "Budapest HUN"]
[Date "2002.08.08"]
[Round "6"]
[White "Farago,S"]
[Black "Metaxasz,V"]
[Result "1-0"]
[WhiteElo "2252"]
[BlackElo "2181"]

1.d4 d5 2.c4 c6 3.Nf3 Nf6 4.e3 e6 5.Nc3 Nbd7 6.Bd3 dxc4 7.Bxc4 b5 8.Bd3 a6
9.O-O c5 10.a4 b4 11.Ne2 Bb7 12.Ng3 Bd6 13.Re1 O-O 14.Nd2 cxd4 15.exd4 Nb6
16.Nde4 Nxe4 17.Nxe4 Bxe4 18.Rxe4 Be7 19.a5 Nd5 20.Qe2 Bf6 21.Bxa6 Ra7 22.Bd2 Qa8
23.Bc4 Rxa5 24.Re1 Ra1 25.h4 Rxe1+ 26.Qxe1 Rb8 27.h5 h6 28.Rg4 Kh8 29.Bd3 Be7
30.Qe5 Nf6 31.Rg3 Rb6 32.Qc7 Qb7 33.Qc1 Rc6 34.Qd1 Rc8 35.Bf4 Qc6 36.Qe2 Qd5
37.Be5 Rc1+ 38.Kh2 Ra1 39.f4 Qc6 40.Bc4 Rc1 41.b3 Qa8 42.d5 exd5 43.Bb2 Rxc4
44.bxc4 Bd6 45.Bxf6 gxf6 46.Qg4 Qf8 47.cxd5 Bc5 48.Qf5 Bd4 49.d6  1-0

[Event "Open"]
[Site "Davos SUI"]
[Date "2002.08.08"]
[Round "5"]
[White "Papa,S"]
[Black "Curien,N"]
[Result "1-0"]
[WhiteElo "2275"]
[BlackElo "2195"]

1.d4 d5 2.c4 e6 3.Nf3 c6 4.e3 Nf6 5.Nc3 Nbd7 6.Bd3 Bd6 7.O-O O-O 8.e4 dxc4
9.Bxc4 e5 10.Bg5 Qe7 11.Re1 Re8 12.h3 Nf8 13.dxe5 Bxe5 14.Bb3 Ng6 15.Nxe5 Qxe5
16.Be3 Be6 17.Bc2 c5 18.Qc1 Nh5 19.Ne2 Bc4 20.f4 Qc7 21.e5 Bxe2 22.Rxe2 Ng3
23.Rf2 Ne7 24.Kh2 Ngf5 25.Bxf5 Nxf5 26.Qxc5 Qd7 27.Rd2 Qa4 28.b3 Qe4 29.Re1 b6
30.Qd5 Qb4 31.Qf3 g6 32.Red1 Rac8 33.Bf2 Rc3 34.Rd3 Rxd3 35.Rxd3 Rc8 36.g4 Ne7
37.Rd4 Qa3 38.f5 Nc6 39.Rc4 Qb2 40.Kg2 Ne7 41.f6 Rxc4 42.bxc4  1-0

[Event "GPA Open"]
[Site "Ontario CAN"]
[Date "2002.08.10"]
[Round "7"]
[White "Southam,D"]
[Black "Garcia,A COL"]
[Result "1/2-1/2"]
[WhiteElo "2129"]
[BlackElo "2266"]

1.d4 Nf6 2.c4 e6 3.Nf3 d5 4.Nc3 c6 5.e3 Nbd7 6.Bd3 Bd6 7.O-O O-O 8.e4 dxc4
9.Bxc4 e5 10.h3 Qe7 11.a3 a6 12.Re1 Bc7 13.Bf1 b5 14.dxe5 Nxe5 15.Nxe5 Bxe5
16.Bd3 Rd8 17.Qe2 Be6 18.Be3 Qd6 19.Rad1 Qc7 20.Qf1 Bb3 21.Rc1 Nh5 22.Nd5 Qb7
23.Rxc6 Nf6 24.Rb6 Qd7 25.Rxa6 Nxd5 26.Rxa8 Rxa8 27.exd5 Qxd5 28.Bxb5 Bxb2
29.a4 Bxa4 30.Bxa4 Rxa4 31.Rd1 Qxd1 32.Qxd1  1/2-1/2

[Event "FSIMB August"]
[Site "Budapest HUN"]
[Date "2002.08.11"]
[Round "9"]
[White "Ngo,N"]
[Black "Reiss,T"]
[Result "1/2-1/2"]
[WhiteElo "2172"]
[BlackElo "2347"]

1.d4 d5 2.Nf3 Nf6 3.c4 c6 4.Nc3 e6 5.e3 Nbd7 6.Qc2 b6 7.Bd3 Bb7 8.O-O Bd6
9.b3 O-O 10.e4 dxe4 11.Nxe4 Nxe4 12.Bxe4 Nf6 13.Bg5 h6 14.Bh4 Be7 15.Bxf6 Bxf6
16.Rfd1 Qe7 17.Rac1 c5 18.Bxb7 Qxb7 19.d5 exd5 20.Rxd5  1/2-1/2

[Event "ch-AUT"]
[Site "Oberpullendorf AUT"]
[Date "2002.08.11"]
[Round "2"]
[White "Weiss,C"]
[Black "Knoll,H"]
[Result "0-1"]
[WhiteElo "2421"]
[BlackElo "2332"]

1.Nf3 d5 2.c4 c6 3.e3 e6 4.Nc3 Nf6 5.d4 Nbd7 6.Be2 Bd6 7.O-O O-O 8.Qc2 Qe7
9.e4 dxe4 10.Nxe4 Nxe4 11.Qxe4 e5 12.c5 exd4 13.Qxd4 Bxc5 14.Qc4 Ne5 15.Qc2 Nxf3+
16.Bxf3 Qe5 17.g3 Bf5 18.Qb3 Bb6 19.a4 Rad8 20.Bf4 Qa5 21.Be2 Rfe8 22.Bc4 Be6
23.Bxe6 Rxe6 24.Rad1 Rxd1 25.Qxd1 h6 26.Qd7 Qxa4 27.Qc8+ Kh7 28.Qxb7 Rf6
29.Qe7 Qc2 30.b4 Qg6 31.Qe5 Re6 32.Qc3 Qe4 33.Rc1 Rg6 34.Be3 Bxe3 35.Qxe3 Qxb4
36.Qxa7 Qd2 37.Qc5 Rf6 38.Rc2 Qd1+ 39.Kg2 Qf3+ 40.Kg1 Re6 41.Rc1 Re2 42.Qd4 f5
43.h4 Kg6 44.Rf1 Rc2 45.Qd7 Kh7 46.Qe8 h5 47.Qd7 c5 48.Qd1 Re2 49.Qc1 Re5
50.Qc2 Kh8 51.Rd1 c4 52.Rf1 c3 53.Qb3 Kh7 54.Qc4 Re4 55.Qc8 Re2 56.Qc4 c2
57.Qc5 Rd2 58.Qc8 Qd3 59.Qc5  0-1

[Event "It"]
[Site "Tel Aviv ISR"]
[Date "2002.08.11"]
[Round "1"]
[White "Bykhovsky,Av"]
[Black "Kaganskiy,G"]
[Result "0-1"]
[WhiteElo "2455"]
[BlackElo "2332"]

1.d4 d5 2.c4 e6 3.Nf3 c6 4.e3 Nf6 5.Nc3 Nbd7 6.Qc2 Bd6 7.g4 dxc4 8.g5 Nd5
9.Bxc4 e5 10.e4 N5b6 11.Be2 exd4 12.Nxd4 O-O 13.Nf5 Ne5 14.Nxd6 Qxd6 15.f4 Ng6
16.Qd2 Qe7 17.h4 Rd8 18.Qe3 Nf8 19.Qf2 Ne6 20.Be3 c5 21.a4 Nd4 22.O-O Be6
23.Rfd1 Nxe2+ 24.Qxe2 Rxd1+ 25.Nxd1 Bb3 26.Nc3 Nc4 27.Re1 Rd8 28.Bc1 Qd7
29.Kh2 b6 30.e5 Na5 31.Qe4 Nc6 32.Nb5 Bxa4 33.Qxa4 Nd4 34.Re3 Nxb5 35.e6 fxe6
36.Qc4 Nd4 37.b4 Qf7  0-1

[Event "ADCF Masters"]
[Site "Abu Dhabi UAE"]
[Date "2002.08.12"]
[Round "1"]
[White "Dobrov,V"]
[Black "Al Khaja,A"]
[Result "1-0"]
[WhiteElo "2443"]
[BlackElo "2078"]

1.d4 d5 2.c4 e6 3.Nc3 Nf6 4.Nf3 c6 5.e3 Nbd7 6.Qc2 Be7 7.g4 h6 8.Rg1 dxc4
9.Bxc4 b5 10.Bd3 Bb7 11.g5 hxg5 12.Nxg5 Nf8 13.Bd2 Qb6 14.Rc1 a6 15.Nce4 Nxe4
16.Bxe4 Rc8 17.b4 g6 18.Nxf7 Kxf7 19.Bxg6+ Kf6 20.e4 e5 21.dxe5+ Ke6 22.Qb3+ Kd7
23.Bf5+ Ke8 24.Rg7 Rc7 25.Be3 Qxe3+ 26.fxe3 Bh4+ 27.Rg3 Bxg3+ 28.hxg3 Rh1+
29.Kd2 Rxc1 30.Kxc1 c5 31.Qc3 Kd8 32.bxc5  1-0

[Event "ADCF Masters"]
[Site "Abu Dhabi UAE"]
[Date "2002.08.12"]
[Round "1"]
[White "Umansky,Vl"]
[Black "Al Sulaiti,G"]
[Result "1-0"]
[WhiteElo "2405"]
[BlackElo "2026"]

1.d4 d5 2.c4 c6 3.Nf3 Nf6 4.e3 e6 5.Nc3 Nbd7 6.Qc2 Bd6 7.g4 Nxg4 8.Rg1 Nxh2
9.Nxh2 Bxh2 10.Rxg7 Qh4 11.Bd2 Nf8 12.Rg2 Bd7 13.O-O-O Bc7 14.Kb1 dxc4 15.e4 Bf4
16.e5 Bxd2 17.Rxd2 b5 18.Ne4 Ng6 19.Nf6+ Kd8 20.Rg4 Qh6 21.Rd1 Qf8 22.Bg2 h5
23.Rg5 h4 24.Be4 Nf4 25.Qd2 Nd5 26.Bxd5 exd5 27.Qa5+ Kc8 28.Qa6+ Kd8 29.Qb7  1-0

[Event "TUR-GEO Chess Summit"]
[Site "Ankara TUR"]
[Date "2002.08.12"]
[Round "10"]
[White "Magalashvili,D"]
[Black "Erdogdu,M"]
[Result "0-1"]
[WhiteElo "2178"]
[BlackElo "2321"]

1.d4 d5 2.c4 c6 3.Nf3 Nf6 4.e3 e6 5.Nc3 Nbd7 6.Qc2 Bd6 7.Bd3 O-O 8.O-O dxc4
9.Bxc4 a6 10.Rd1 Qc7 11.h3 b5 12.Be2 c5 13.d5 exd5 14.Nxd5 Nxd5 15.Rxd5 Nf6
16.Rd1 Bb7 17.b3 Rad8 18.Bb2 Ne4 19.Rac1 Rfe8 20.Bd3 h6 21.Qe2 Bc6 22.Bxe4 Bxe4
23.Nd2 Bb7 24.Qg4 Bf8 25.Nf3 Rxd1+ 26.Rxd1 Rd8 27.Ne5 Bc8 28.Qf3 Be6 29.Ng4 Rxd1+
30.Qxd1 Qd6 31.Qc2 c4 32.Nxh6+ gxh6 33.Qc3 f5 34.bxc4 bxc4 35.f4 Qe7 36.Qh8+ Kf7
37.Bd4 Ke8 38.Qe5 Qd6 39.Qf6 Bd7 40.Qh8 Bc6 41.Qg8 Qd5 42.Qg6+ Kd7 43.Be5 Qe6
44.Qh7+ Be7 45.Kh2 Bd5 46.Bg7 Kc6 47.Qh8 Kb7 48.Qh7 Kc6 49.Qh8 Bd6 50.Qa8+ Kd7
51.Qa7+ Bc7 52.Qd4 Qe4 53.Qxe4 Bxe4 54.Bc3 Bb6 55.Bd2 Ke6 56.g4 Bd8 57.Kg3 Bf6
58.Bc1 c3 59.Kf2 Bh4+ 60.Ke2 Kd5 61.Ba3 Kc4 62.Bf8 c2 63.Ba3 Be7 64.Bc1 Kc3
65.Ke1 Kd3 66.Kf2 Bb4  0-1

[Event "FSIMA August"]
[Site "Budapest HUN"]
[Date "2002.08.12"]
[Round "10"]
[White "Petran,Pa"]
[Black "Vrona,M"]
[Result "1-0"]
[WhiteElo "2364"]
[BlackElo "2181"]

1.d4 Nf6 2.Nf3 e6 3.c4 d5 4.Nc3 c6 5.e3 Bd6 6.Qc2 O-O 7.Bd3 dxc4 8.Bxc4 Nbd7
9.O-O Qe7 10.h3 e5 11.Bb3 Re8 12.Bd2 h6 13.Nh4 Bb8 14.Nf5 Qf8 15.dxe5 Bxe5
16.f4 Bb8 17.e4 Nc5 18.e5 Nxb3 19.axb3 Qc5+ 20.Ne3 Nd5 21.Nxd5 Qxc2 22.Nxc2 cxd5
23.Nb4 Bf5 24.Nxd5 a6 25.Be3 Be6 26.Rad1 Kh7 27.b4 a5 28.Nb6 Ba7 29.bxa5 Rad8
30.Bc5 Bb3 31.Rxd8 Rxd8 32.Bd6 Rc8 33.Rf3 Bd5 34.Rd3 Rc1+ 35.Kh2 Bc6 36.Rd2 Rf1
37.Kg3 h5 38.b4 Kg6 39.Nd5 h4+ 40.Kxh4 Bf2+ 41.g3 Bd7 42.Ne7+ Kh7 43.Bc5 Bxc5
44.bxc5 Be6 45.Rb2 Rh1 46.g4  1-0

[Event "ADCF Masters"]
[Site "Abu Dhabi UAE"]
[Date "2002.08.13"]
[Round "2"]
[White "El Gindy,E"]
[Black "Magerramov,E"]
[Result "1/2-1/2"]
[WhiteElo "2449"]
[BlackElo "2551"]

1.d4 d5 2.c4 e6 3.Nc3 Nf6 4.Nf3 c6 5.e3 Nbd7 6.Qc2 Bd6 7.e4 dxe4 8.Nxe4 Nxe4
9.Qxe4 c5 10.Bg5 Be7 11.Bxe7 Qa5+ 12.Ke2 Kxe7 13.g3 cxd4 14.Qxd4 e5 15.Qd2 Qc7
16.Qg5+ Kf8 17.Ke1 f6 18.Qe3 Nc5  1/2-1/2

[Event "FSFM August"]
[Site "Budapest HUN"]
[Date "2002.08.13"]
[Round "11"]
[White "Szirmai,Ed"]
[Black "Koczo,K"]
[Result "0-1"]
[WhiteElo "2177"]
[BlackElo "2024"]

1.d4 d5 2.c4 c6 3.Nc3 Nf6 4.e3 e6 5.Nf3 Nbd7 6.Bd2 Be7 7.Rc1 O-O 8.Bd3 dxc4
9.Bxc4 b5 10.Bd3 Bb7 11.O-O b4 12.Ne4 c5 13.Ng3 Rc8 14.Qe2 Qb6 15.Rfd1 Bxf3
16.Qxf3 cxd4 17.exd4 Qxd4 18.Be3 Qxb2 19.Rxc8 Rxc8 20.Qb7 Rc3 21.Bf1 Qxa2
22.Rxd7 Nxd7 23.Qxd7 Bf8 24.Ne4 Ra3 25.Qe8 Rxe3 26.fxe3 Qd5 27.Nf2 Qd2 28.Qb5 Qxe3
29.Qd3 Qe1 30.Qe2 Qxe2 31.Bxe2 Bc5 32.Bd1 Kf8 33.Kf1 Bxf2 34.Kxf2 Ke7 35.Ke3 Kd6
36.Kd4 g5 37.g4 f5 38.Bc2 e5+ 39.Kc4 f4 40.Bxh7 f3 41.Kd3 b3 42.Ke3 a5 43.Kxf3 a4
44.Bg8 Kc5 45.h4 gxh4 46.g5 Kd6 47.g6 Ke7 48.Kg4 Kf6 49.Kh5 Kg7  0-1